000 00337 a2200157 4500
001 163744
020 _a
040 _cMagnum
100 _aHernandez, Jose
240 1 0 _aA saga do gaucho martin fierro
_lpor
245 1 0 _aA saga do gaucho martin fierro
362 0 _a1899
440 1 _aScipione
697 _aJ/CONTO
942 _cBK
999 _c163744
_d163744